[Event "127th NZ Congress 2020"]
[Site "Tauranga"]
[Date "2020.01.18"]
[Round "5.5"]
[White "Dive, Russell John"]
[Black "Polishchuk, Kirill"]
[Result "0-1"]
[WhiteElo "2283"]
[BlackElo "2151"]
[Annotator "TA"]
[PlyCount "102"]
[EventDate "2020.01.14"]
[EventType "swiss"]
[EventCountry "NZL"]
[SourceTitle "playchess.com"]
[Source "ChessBase"]
[SourceQuality "1"]

{[%evp 16,102,9,14,17,14,20,20,21,-17,-20,-11,-15,-7,-7,-4,-9,-24,-16,-18,-8,-33,-33,-26,-31,-28,-25,-35,-32,-41,-39,-42,-39,-43,-39,-42,-43,-45,-44,-116,-116,-144,-146,-150,-146,-150,-150,-150,-150,-149,-150,-177,-177,-178,-147,-154,-150,-172,-166,-261,-205,-347,-346,-335,-307,-316,-287,-277,-188,-188,-188,-543,-543,-533,-433,-539,-531,-576,-580,-571,-548,-807,-479,-779,-748,-671,-447,-458,-401]} 1. Nf3 Nf6 2. c4 c6 3. b3 d5 4. Bb2 Bf5 5. g3 e6 6. Bg2 Nbd7 7. O-O Bd6 8. Nc3 O-O 9. d3 Bc7 {A12: English Opening: 1...c6 with b3 by White} 10. Qc2 $146 ({Predecessor:} 10. b4 Bg4 11. Qb3 Ne5 12. Nxe5 Bxe5 13. Rfe1 Nd7 14. b5 Rc8 15. Rac1 Nc5 16. Qb4 Bd6 17. cxd5 Nxd3 18. Qxg4 {1-0 (25) Llorente Zaro,A (2461)-Jones,C (1997) Bournemouth 2016}) 10... Ne5 11. Nh4 d4 {The position is equal.} 12. Ne4 Bxe4 13. dxe4 d3 14. Qd1 dxe2 15. Qxe2 Qd3 16. Rae1 Rfd8 17. Nf3 Nfg4 18. Ba1 Rd7 19. Nxe5 Qxe2 20. Rxe2 Nxe5 21. h3 Rad8 22. f4 Nd3 23. e5 Bb6+ 24. Kh2 Bd4 25. Bxd4 Rxd4 26. Rd1 Kf8 27. Red2 (27. Be4 $15) 27... R4d7 $17 28. Kg1 Nxe5 29. Rxd7 Rxd7 30. Rxd7 Nxd7 {[%mdl 4096] Endgame KB-KN} 31. Kf2 Ke7 32. Ke3 Kd6 33. b4 b6 34. g4 f6 35. Be4 h6 36. Bg6 e5 37. f5 (37. Bf7 $142) 37... Nb8 38. Be8 (38. Bf7 $142) 38... Na6 $19 39. a3 Nc7 40. Bf7 Ke7 41. Bg8 Ne8 42. Kd3 {[#]} Nd6 $1 43. a4 $2 (43. c5 bxc5 44. bxc5) 43... Nb7 {Black is clearly winning.} 44. Kc3 Kd6 45. Be6 a5 46. c5+ bxc5 {[%cal Bb6c5,Bc5c4][%mdl 32]} 47. bxa5 Nxa5 48. Kd3 Kc7 49. h4 (49. Ba2 $142 c4+ 50. Kc3) 49... Kb6 50. Ba2 Nb7 51. Bb3 {[#]} c4+ $1 {Accuracy: White = 45%, Black = 98%.} 0-1

[Event "127th NZ Congress 2020"]
[Site "Tauranga"]
[Date "2020.01.18"]
[Round "5.6"]
[White "Van Riemsdijk, Herman C."]
[Black "Gong, Daniel Hanwen"]
[Result "1/2-1/2"]
[WhiteElo "2260"]
[BlackElo "2276"]
[Annotator "TA"]
[PlyCount "215"]
[EventDate "2020.01.14"]
[EventType "swiss"]
[EventCountry "NZL"]
[SourceTitle "playchess.com"]
[Source "ChessBase"]
[SourceQuality "1"]

{[%evp 16,215,20,17,45,46,44,30,54,45,75,47,49,44,80,44,66,62,56,55,132,132,125,125,127,124,141,110,135,125,141,139,148,113,121,106,140,141,160,163,169,139,189,160,185,149,170,108,114,59,52,52,59,59,61,64,71,28,71,31,39,28,118,110,112,122,128,128,128,128,128,128,255,128,128,113,125,113,155,113,113,113,151,113,113,120,128,0,113,0,155,113,200,113,155,135,280,59,37,46,39,0,0,-127,-127,-127,-127,-184,-186,-205,-210,-201,-195,-208,-107,-192,-197,-231,-227,-239,-201,-194,-181,-175,-68,-204,-97,-107,-90,-90,-90,-90,-90,-104,-90,-90,-90,-89,-89,-89,-89,-89,-89,-89,-89,-89,-56,-56,-56,-56,-56,-56,-56,-58,0,-77,-14,-22,-8,-8,-8,-8,-8,-8,0,0,0,-8,-4,-8,-8,-8,-8,-85,-85,-85,0,0,0,-85,-85,-85,-85,-85,-85,-85,-85,-85,-85,-85,-85,-85,-85,-85,0,0,0,0,0,0,0,0]} 1. d4 Nf6 2. c4 g6 3. Nc3 Bg7 4. e4 d6 5. Be2 O-O 6. Bg5 c5 7. dxc5 Qa5 8. Bd2 Qxc5 9. Nf3 Bd7 {E74: King's Indian: Averbakh Variation: 6...c5} (9... Bg4 10. Be3 Qc7 11. Rc1 Nc6 12. O-O Rfc8 13. b3 Qa5 14. Bd2 Qd8 15. Re1 a6 16. h3 Bxf3 17. Bxf3 Rab8 {½-½ (94) Yilmaz,M (2631)-Oleksienko,M (2598) Qinhuangdao 2019}) 10. O-O Qc8 11. h3 $146 ({Predecessor:} 11. Rc1 Nc6 12. h3 b6 13. Be3 Qb7 14. Re1 Rfd8 15. a3 Rac8 16. b4 a5 17. Qb3 axb4 18. axb4 {1-0 (48) Braschi,G (2138)-Tomba,I (2175) Bratto 2003}) 11... Bc6 {White has an edge.} 12. Qc2 a5 13. Rfe1 Nbd7 14. Bf1 b6 15. Rac1 Re8 16. b3 Nc5 17. Nd4 e6 (17... Bd7 $14) 18. Nxc6 $16 Qxc6 19. g3 Rac8 20. Bg2 {Hoping for e5.} e5 21. Nb5 Qd7 22. Be3 Qe7 23. Rcd1 Red8 24. Rd2 Ne8 25. Red1 Bf8 26. h4 h6 27. Bh3 Rc6 28. f3 Qb7 29. Rd5 Ra8 30. Qd2 Kh7 31. Bxc5 ({White should try} 31. h5 $18) 31... bxc5 32. a4 (32. f4 $16 Bg7 33. h5) 32... Qe7 33. Qe1 Raa6 34. R1d2 h5 35. R5d3 Bh6 36. Rd1 Nf6 37. Kg2 Ne8 38. Qe2 Nc7 (38... Rcb6 $11 {remains equal.}) 39. Bc8 $36 {[%mdl 2048] White is on the roll.} Rab6 {Strongly threatening ...Nxb5.} 40. Na7 Ne8 41. Nxc6 Rxc6 42. Bh3 Rb6 43. Qe1 Qb7 (43... Rb4 $16 44. Kg1 Qb7) 44. Qc3 ({White has to play} 44. Qxa5 $18 {And now Qc3 would win.} Rxb3 45. Rxb3 Qxb3 46. Rf1) 44... Rb4 45. Kh2 Bf8 46. Qc2 Nf6 47. R1d2 Ne8 48. Qd1 Kg8 49. Rg2 Qe7 50. Qe1 Bh6 51. Qd1 Bf8 $1 52. Rgd2 Qb7 $1 53. Rf2 Rb6 (53... Bh6 $16 {was worth a try.} 54. Qc2 Bf8) 54. Bg2 (54. f4 $18) 54... Nf6 55. Qd2 Rxb3 (55... Ra6 $16 56. Rf1 Be7) 56. Rxd6 $2 (56. Rxb3 $18 Qxb3 57. Qxa5) 56... Bxd6 $14 57. Qxd6 {[%mdl 64] Double Attack} Kg7 $1 58. Qxe5 (58. Qxc5 {is interesting.} Qb6 59. Qxb6 Rxb6 60. Rc2 Nd7 61. Rd2) 58... Qb8 59. Qxc5 (59. Qa1 $11) 59... Qxg3+ $1 $17 {[%mdl 64] Decoy} 60. Kxg3 Nxe4+ $1 {[%mdl 64] Double Attack} 61. Kf4 (61. Kh3 $17 Nxc5 62. Re2) 61... Nxc5 $19 {[%mdl 4096] Endgame KRB-KRN} 62. Rd2 Rb4 (62... Nxa4 63. Ra2 $17) 63. Bf1 Rxa4 ({Don't do} 63... Nxa4 64. Ke5 $17) 64. Ke5 Ra3 ({Better is} 64... Ra1 $1 $19 {[%cal Ra1f1]} 65. Be2 a4) 65. Be2 (65. Kd6 $17 {was called for.} Na4 66. Be2) 65... Ne6 66. Kd6 Rc3 67. Ra2 Nd4 68. c5 a4 69. Kd5 {[#]} Ne6 ({Not} 69... Nxf3 70. Rxa4 Ne5 71. Kxe5 $16) (69... Rc2 $1 $19 {[%cal Rc2a2]} 70. Bc4 (70. Rxc2 Nxc2 71. Kd6 Ne3 $17) 70... Rxa2 71. Bxa2 Nxf3) 70. Rxa4 ({White should play} 70. Bc4 $15) 70... Rxc5+ (70... Nxc5 $19 {is more deadly.} 71. Rb4 Re3 72. Kxc5 Rxe2) 71. Ke4 $17 Rc2 72. Ke3 Rc3+ 73. Kf2 Kf6 74. Bc4 Nc5 75. Rb4 Nd7 76. Bd5 Ne5 {aiming for ...Nd3+.} 77. Kg3 Rc5 78. Rb6+ Kg7 79. Rd6 Rc7 80. Kf4 f6 (80... Nc4 {looks sharper.} 81. Ra6 Rd7 82. Be4 Rd4 83. Ra7 Rd6) 81. Be4 Nf7 82. Ra6 Re7 83. Bd5 Ne5 84. Be4 Nf7 85. Bd5 g5+ (85... Rd7 $17 86. Be4 Nd6) 86. hxg5 $11 fxg5+ 87. Kg3 Ne5 88. Be4 h4+ 89. Kg2 Kf7 90. Bd5+ Kg7 {Black wants to play ...Nd3.} 91. Be4 Nf7 92. Rg6+ Kf8 93. Bd5 Re5 94. Bxf7 (94. Be6 $11 {keeps the balance.}) 94... Kxf7 {KR-KR} 95. Ra6 Re6 (95... Re3 $17 96. Rc6 Rd3) 96. Ra5 Kg6 {[#]} 97. Rb5 (97. f4 $1 $11 {[%mdl 512]} gxf4 98. Kf3) 97... Re2+ $17 98. Kg1 Kf6 99. Ra5 Re5 (99... Rb2 {feels hotter.} 100. Ra4 Rc2 101. Ra6+ Ke5 102. Ra4 Rc1+) 100. Ra4 Kf5 101. Rg4 Re2 102. Kf1 Rd2 103. Kg1 Rd3 104. Kg2 h3+ (104... Ra3 $17 105. Rb4 Ra5) 105. Kg3 $11 {The position is equal.} Rxf3+ 106. Kxf3 h2 107. Rxg5+ Kxg5 108. Kg2 {Accuracy: White = 46%, Black = 43%.} 1/2-1/2

[Event "127th NZ Congress 2020"]
[Site "Tauranga"]
[Date "2020.01.18"]
[Round "5.7"]
[White "Sandler, Leonid"]
[Black "Cilia Vincenti, David"]
[Result "1/2-1/2"]
[WhiteElo "2226"]
[BlackElo "2070"]
[Annotator "TA"]
[PlyCount "26"]
[EventDate "2020.01.14"]
[EventType "swiss"]
[EventCountry "NZL"]
[SourceTitle "playchess.com"]
[Source "ChessBase"]
[SourceQuality "1"]

{[%evp 14,26,20,34,28,20,27,0,0,0,-6,-26,-21,-35,-32]} 1. e4 e5 2. Nf3 Nc6 3. Bb5 Nge7 4. O-O ({Predecessor:} 4. d4 exd4 5. Nxd4 g6 6. Nc3 Bg7 7. Nxc6 Nxc6 8. O-O O-O 9. Be3 {½-½ (44) Cervetto,E (2100)-Leskovar Raimondi,M (2283) Mar del Plata 2012}) 4... g6 5. d4 exd4 6. Nxd4 Bg7 7. Be3 O-O 8. Nc3 a6 $146 {C60: Ruy Lopez: Unusual Black 3rd moves and 3...g6} (8... d5 9. Nxd5 Nxd5 10. exd5 Nxd4 11. Bxd4 Qxd5 12. Bxg7 Qxd1 13. Raxd1 Kxg7 14. Bd7 Rd8 15. Bxc8 Raxc8 16. f4 Kf6 17. Kf2 Re8 18. Rd4 Rcd8 19. Rfd1 Rxd4 20. Rxd4 {½-½ (20) Brkic,A (2552)-Bosiocic,M (2610) Valpovo 2017}) 9. Nxc6 Nxc6 10. Bxc6 dxc6 11. Qxd8 Rxd8 12. Rfd1 Be6 13. a3 f5 1/2-1/2

[Event "127th NZ Congress 2020"]
[Site "Tauranga"]
[Date "2020.01.18"]
[Round "5.8"]
[White "Pinic, Noel"]
[Black "Milligan, Helen"]
[Result "1/2-1/2"]
[WhiteElo "2054"]
[BlackElo "1940"]
[Annotator "NA RC"]
[PlyCount "65"]
[EventDate "2020.01.14"]
[EventType "swiss"]
[EventCountry "NZL"]
[SourceTitle "playchess.com"]
[Source "ChessBase"]
[SourceQuality "1"]
[TimeControl "40/5400+30:1800+30"]

1. Nf3 {[%emt 0:00:00]} Nf6 {[%emt 0:00:00]} 2. d4 {[%emt 0:00:25]} g6 {[%emt 0:00:09]} 3. c4 {[%emt 0:00:53]} Bg7 {[%emt 0:00:32]} 4. Nc3 {[%emt 0:00:11]} d6 {[%emt 0:00:06]} 5. e4 {[%emt 0:00:16]} O-O {[%emt 0:01:47]} 6. Be2 {[%emt 0:00:59]} Nbd7 {[%emt 0:00:19]} 7. O-O {[%emt 0:01:39]} e5 {[%emt 0:00:48]} 8. dxe5 {[%emt 0:02:30]} dxe5 {[%emt 0:02:15]} 9. Qc2 {[%emt 0:00:21]} c6 {[%emt 0:02:13]} 10. Rd1 {[%emt 0:00:59]} Qe7 {[%emt 0:00:55]} 11. b3 {[%emt 0:00:33] E94: King's Indian: Classical: 6 Be2 e5 7 0-0: Various Black 7th moves} Re8 {[%emt 0:02:13]} 12. a4 {[%emt 0:00:17]} a5 {[%emt 0:03:21]} 13. Ba3 {[%emt 0:00:36]} Nc5 {[%emt 0:03:55]} 14. Ne1 {[%emt 0:00:15]} b6 {[%emt 1:18:27]} (14... h5 15. Nd3 Nfd7 16. Nb1 Bf8 17. Nd2 Qf6 18. Bb2 Nxd3 19. Bxd3 {½-½ (93) Ezat,M (2454)-Movsesian,S (2700) Antalya 2013}) 15. Nd3 Nfd7 {[%emt 0:00:30]} 16. Nxc5 $146 {[%emt 0:04:28]} ({Predecessor:} 16. Bg4 Nf8 17. Bxc8 Raxc8 18. Nxc5 bxc5 {½-½ (66) Podzielny,K-De Jonghe,P Schilde 1971}) 16... Nxc5 {[%emt 0:00:00]} 17. Rd3 {[%emt 0:01:21]} Bf8 {[%emt 0:00:00]} 18. Bxc5 {[%emt 0:01:00]} Qxc5 {[%emt 0:00:00]} 19. Qd2 {[%emt 0:02:53]} Be6 {[%emt 0:00:00]} 20. h4 {[%emt 0:04:30]} Qe7 {[%emt 0:00:00]} 21. h5 $17 {[%emt 0:01:57]} Rad8 {[%emt 0:00:00]} 22. Rd1 {[%emt 0:00:59]} Rxd3 {[%emt 0:00:00]} 23. Qxd3 {[%emt 0:00:07]} Qg5 {[%emt 0:00:00]} 24. hxg6 {[%emt 0:01:01]} hxg6 {[%emt 0:00:00]} 25. Kf1 {[%emt 0:01:52]} Bc5 {[%emt 0:00:00]} 26. Bf3 {[%emt 0:00:11]} Kg7 {[%emt 0:00:00]} 27. Ne2 {[%emt 0:03:41]} Rh8 {[%emt 0:00:00]} 28. Ng3 {[%emt 0:00:39]} Qf4 {[%emt 0:00:00]} 29. Qd2 {[%emt 0:05:47]} Qxd2 {[%emt 0:00:00]} 30. Rxd2 {[%emt 0:00:19]} Kf6 {[%emt 0:00:00]} 31. Kg1 {[%emt 0:02:12]} Ke7 {[%emt 0:00:00]} 32. Be2 {[%emt 0:03:31]} Rd8 {[%emt 0:00:00]} 33. Rxd8 {[%emt 0:05:32]} 1/2-1/2

[Event "127th NZ Congress 2020"]
[Site "Tauranga"]
[Date "2020.01.18"]
[Round "5.9"]
[White "Reilly, Tim"]
[Black "Vickers, Josia"]
[Result "1-0"]
[WhiteElo "2098"]
[BlackElo "1878"]
[Annotator "NA RC"]
[PlyCount "53"]
[EventDate "2020.01.14"]
[EventType "swiss"]
[EventCountry "NZL"]
[SourceTitle "playchess.com"]
[Source "ChessBase"]
[SourceQuality "1"]
[TimeControl "40/5400+30:1800+30"]

1. d4 {[%emt 0:00:00]} Nf6 {[%emt 0:00:00]} 2. c4 {[%emt 0:00:18]} e6 {[%emt 0:00:01]} 3. Nc3 {[%emt 0:00:07]} Bb4 {[%emt 0:00:05]} 4. e3 {[%emt 0:01:12]} O-O {[%emt 0:00:31]} 5. Bd3 {[%emt 0:00:32]} d5 {[%emt 0:00:36]} 6. Nge2 {[%emt 1:30:51]} c5 {[%emt 0:03:34]} 7. a3 {[%emt 0:00:00]} Bxc3+ {[%emt 0:08:01]} 8. bxc3 {[%emt 0:00:00]} Nc6 {[%emt 0:04:17]} 9. cxd5 {[%emt 0:00:00]} exd5 {[%emt 0:05:38]} 10. O-O {[%emt 0:00:00]} b6 {[%emt 0:05:34]} 11. f3 {[%emt 0:00:00]} Re8 {[%emt 0:02:44]} 12. Ng3 {[%emt 0:00:00]} Bb7 {[%emt 0:02:52]} 13. Ra2 {[%emt 0:00:00] E49: Nimzo-Indian: Rubinstein: 5 Bd3 d5 6 a3 Bxc3+ 7 bxc3} g6 {[%emt 0:04:38]} (13... h5 14. Re2 g6 15. Qe1 Qc8 16. Bb2 Ba6 17. Bxa6 Qxa6 18. e4 cxd4 19. cxd4 Qc4 {1-0 (28) Hakobyan,A (2554)-Gavrilescu,D (2470) Manavgat 2018}) 14. Re2 {[%emt 0:00:00]} Qd6 $146 {[%emt 0:01:51]} ({Predecessor:} 14... Rc8 15. Kh1 cxd4 16. cxd4 Qd6 17. Bb2 h5 18. e4 h4 19. e5 Qd8 20. exf6 hxg3 21. Rxe8+ Qxe8 22. Qd2 gxh2 23. f4 Rc7 24. f5 Nd8 25. Qg5 Kh7 26. Bc1 {1-0 (26) Di Franco,P (2118)-Leck,G (1930) Bad Homburg 2018}) 15. Qe1 {[%emt 0:00:00]} Kg7 {[%emt 0:05:00]} 16. Qf2 {[%emt 0:00:00]} cxd4 {[%emt 0:09:10]} 17. cxd4 {[%emt 0:00:00]} Rac8 {[%emt 0:01:42] [#]} 18. Bb2 {[%emt 0:00:00]} (18. e4 $1 $18 {[%cal Re4e5]} dxe4 19. Nxe4 Nxe4 20. fxe4) 18... Rc7 {[%emt 0:06:14]} 19. e4 {[%emt 0:00:00]} dxe4 {[%emt 0:00:53]} 20. fxe4 {[%emt 0:00:00]} Ng4 {[%emt 0:02:21]} 21. Qf3 {[%emt 0:00:00]} h5 {[%emt 0:04:39]} 22. h3 {[%emt 0:00:00]} Nh6 {[%emt 0:04:41]} 23. e5 {[%emt 0:00:00]} Qd8 {[%emt 0:05:52]} 24. d5 {[%emt 0:00:00]} Ne7 {[%emt 0:01:05]} 25. Nxh5+ {[%emt 0:00:00]} (25. e6+ $142 Kh7 26. exf7 Rh8 27. Qxh5 Rc6 28. dxc6 Nef5 29. Bxf5 gxf5 30. Re6 Qf6 31. Bxf6 Rc8 32. Nxf5 Bxc6 33. Qxh6#) 25... gxh5 {[%emt 0:03:01]} 26. Qf6+ {[%emt 0:00:00]} Kg8 {[%emt 0:01:23]} 27. e6 {[%emt 0:00:00]} 1-0

[Event "127th NZ Congress 2020"]
[Site "Tauranga"]
[Date "2020.01.18"]
[Round "5.10"]
[White "Dowden, R.A. Tony"]
[Black "Park-Tamati, Philli"]
[Result "1-0"]
[WhiteElo "2056"]
[BlackElo "1537"]
[Annotator "NA RC"]
[PlyCount "97"]
[EventDate "2020.01.14"]
[EventType "swiss"]
[EventCountry "NZL"]
[SourceTitle "playchess.com"]
[Source "ChessBase"]
[SourceQuality "1"]
[TimeControl "40/5400+30:1800+30"]

{[%evp 15,96,62,32767,35,32767,0,32767,45,51,50,52,32767,32767,32767,32767,32767,32767,32767,32767,32767,32767,0,99,62,79,71,119,74,73,77,75,75,76,75,49,76,108,78,93,87,104,32767,83,83,32767,76,99,60,32767,60,77,50,68,55,50,81,48,0,50,0,56,39,68,20,84,84,79,24,32767,32767,32767,32767,32767,32767,171,184,32767,32767,247,287,380,334,343]} 1. e4 {[%emt 0:00:00]} b6 {[%emt 0:00:00]} 2. c4 {[%emt 0:00:00]} Bb7 {[%emt 0:00:00]} 3. Nc3 {[%emt 0:00:06]} e6 {[%emt 1:31:30]} 4. Nge2 {[%emt 0:00:15]} Bb4 {[%emt 0:00:00]} (4... c5 5. g3 Nc6 6. Bg2 Nge7 7. a3 Nd4 8. Nxd4 cxd4 9. Ne2 Nc6 10. d3 g6 11. b4 Bg7 12. h4 {0-1 (35) Cornette,M (2597)-Abdusattorov,N (2534) Porticcio 2018}) 5. g3 {[%emt 0:03:24]} Nc6 {[%emt 0:00:00]} 6. Bg2 {[%emt 0:07:48] A10: English Opening: Unusual Replies for Black} e5 $146 {[%emt 0:00:00]} ({Predecessor:} 6... Nge7 7. O-O O-O 8. d4 d5 9. exd5 exd5 10. Nxd5 Nxd5 11. Bxd5 {1-0 (26) Leidorf,S-Brehme,S GER email 2013}) 7. O-O {[%emt 0:08:00]} Nf6 {[%emt 0:00:00]} 8. d3 {[%emt 0:08:33]} a5 {[%emt 0:00:00]} 9. h3 {[%emt 0:07:43]} Bc5 {[%emt 0:00:00]} 10. Na4 {[%emt 0:10:55]} Bd4 {[%emt 0:00:00]} 11. Nxd4 {[%emt 0:02:03]} Nxd4 {[%emt 0:00:00]} 12. f4 {[%emt 0:01:06]} d6 {[%emt 0:00:00]} 13. fxe5 {[%emt 0:00:29]} dxe5 {[%emt 0:00:00]} 14. Bg5 {[%emt 0:00:08]} Bc6 {[%emt 0:00:00]} 15. Nc3 {[%emt 0:04:01]} h6 {[%emt 0:00:00]} 16. Bxf6 {[%emt 0:07:47]} gxf6 {[%emt 0:00:00]} 17. Qd2 {[%emt 0:00:40]} Qd6 {[%emt 0:00:00]} 18. Kh2 {[%emt 0:07:33]} Rd8 {[%emt 0:00:00]} (18... h5 $11) 19. Rae1 {[%emt 0:03:08]} Kf8 {[%emt 0:00:00]} 20. h4 {[%emt 0:01:20]} Bb7 {[%emt 0:00:00]} (20... Kg7 $14) 21. Qf2 {[%emt 0:00:33]} Kg7 {[%emt 0:00:00]} 22. Bh3 {[%emt 0:01:05]} c6 {[%emt 0:00:00]} 23. Nd1 {[%emt 0:00:24]} Bc8 {[%emt 0:00:00]} 24. Bxc8 {[%emt 0:00:09]} Rxc8 {[%emt 0:00:00]} 25. Ne3 {[%emt 0:00:41]} h5 {[%emt 0:00:00]} 26. Rg1 {[%emt 0:00:26]} Kf8 {[%emt 0:00:00]} 27. Ref1 {[%emt 0:00:33]} Ke7 {[%emt 0:00:00]} 28. Rc1 {[%emt 0:02:06]} Qe6 {[%emt 0:00:00]} 29. Rgf1 {[%emt 0:00:12]} Rcd8 {[%emt 0:00:00]} 30. Rc3 {[%emt 0:02:19]} Rdg8 {[%emt 0:00:00]} 31. Nf5+ {[%emt 0:02:04]} Nxf5 {[%emt 0:00:00]} 32. exf5 {[%emt 0:00:06]} Qd7 {[%emt 0:00:00]} 33. Qxb6 {[%emt 0:00:13]} Rb8 {[%emt 0:00:00]} 34. Qc5+ {[%emt 0:00:08]} Qd6 {[%emt 0:00:00]} 35. Qa7+ {[%emt 0:01:03]} ({But not} 35. Qxa5 Rxb2+ 36. Kh3 Rhb8 $11) 35... Qd7 {[%emt 0:00:00]} 36. Qc5+ {[%emt 0:00:08]} Qd6 {[%emt 0:00:00]} 37. Qa7+ {[%emt 0:00:24]} Qd7 {[%emt 0:00:00]} 38. Qxd7+ {[%emt 0:00:12]} Kxd7 {[%emt 0:00:00]} 39. Rf2 {[%emt 0:00:09]} Rhg8 {[%emt 0:00:00]} (39... Kd6 $11) 40. Ra3 {[%emt 0:00:00]} Ra8 {[%emt 0:00:00]} 41. Re2 {[%emt 0:06:15]} Kc7 {[%emt 0:00:00]} 42. c5 {[%emt 0:05:27]} Rgb8 {[%emt 0:04:03]} 43. g4 {[%emt 0:02:14]} hxg4 {[%emt 0:00:43]} 44. d4 {[%emt 0:00:32]} Rb4 {[%emt 0:08:57]} 45. dxe5 {[%emt 0:00:43]} fxe5 {[%emt 0:00:10]} 46. Rxe5 {[%emt 0:00:07]} Rxb2+ {[%emt 0:00:06]} 47. Kg3 {[%emt 0:00:06]} Kb7 {[%emt 0:08:10]} 48. Re7+ $18 {[%emt 0:02:50]} Ka6 {[%emt 0:00:07]} 49. Rxf7 {[%emt 0:03:35]} 1-0

[Event "127th NZ Congress 2020"]
[Site "Tauranga"]
[Date "2020.01.19"]
[Round "6.1"]
[White "Johansen, Darryl K"]
[Black "Fernandez, Daniel Howard"]
[Result "1/2-1/2"]
[WhiteElo "2371"]
[BlackElo "2451"]
[Annotator "ChessBase"]
[PlyCount "87"]
[EventDate "2020.01.14"]
[EventType "swiss"]
[EventCountry "NZL"]
[SourceTitle "playchess.com"]
[Source "ChessBase"]
[SourceQuality "1"]
[TimeControl "40/5400+30:1800+30"]

1. c4 {[%emt 0:00:00]} e6 {[%emt 0:19:32]} 2. Nf3 {[%emt 0:00:03]} b6 {[%emt 0:04:07]} 3. g3 {[%emt 0:03:16]} Bb7 {[%emt 0:03:08]} 4. Bg2 {[%emt 0:00:11]} f5 {[%emt 0:03:14]} 5. d4 {[%emt 0:01:35]} Bb4+ {[%emt 0:04:33]} 6. Bd2 {[%emt 0:00:19]} a5 {[%emt 0:00:45]} 7. O-O {[%emt 0:00:19]} Nf6 {[%emt 0:00:29]} 8. Bg5 {[%emt 0:01:21]} Be7 {[%emt 0:00:23]} 9. Nc3 {[%emt 0:01:16]} O-O {[%emt 0:09:55]} 10. Qc2 {[%emt 0:07:13]} Qc8 {[%emt 0:10:22]} 11. Rad1 {[%emt 0:06:06]} h6 {[%emt 0:03:00]} 12. Bxf6 {[%emt 0:00:17]} Bxf6 {[%emt 0:00:31]} 13. e4 {[%emt 0:00:13]} g6 {[%emt 0:06:19]} 14. Rfe1 {[%emt 0:05:12]} Na6 {[%emt 0:06:37]} 15. a3 {[%emt 0:06:06]} Rb8 {[%emt 0:02:45]} 16. h4 {[%emt 0:12:39]} Bg7 {[%emt 0:00:25]} 17. exf5 {[%emt 0:02:15]} gxf5 {[%emt 0:02:45]} 18. d5 {[%emt 0:01:36]} Qe8 {[%emt 0:06:01]} 19. Ne5 {[%emt 0:05:45]} Nc5 {[%emt 0:06:52]} 20. b4 {[%emt 0:18:54]} axb4 {[%emt 0:00:11]} 21. axb4 {[%emt 0:00:07]} Ne4 {[%emt 0:01:02]} 22. Nxe4 {[%emt 0:00:36]} Bxe5 {[%emt 0:00:49]} 23. Nc3 {[%emt 0:00:37]} Bd6 {[%emt 0:02:20]} 24. Qb3 {[%emt 0:05:25]} Qf7 {[%emt 0:04:08]} 25. Nb5 {[%emt 0:00:18]} e5 {[%emt 0:00:32]} 26. Qc3 {[%emt 0:01:08]} f4 {[%emt 0:01:26]} 27. Nxd6 {[%emt 0:01:48]} cxd6 {[%emt 0:00:02]} 28. b5 {[%emt 0:00:08]} Rbc8 {[%emt 0:00:12]} 29. Qd3 {[%emt 0:00:38]} Qf5 {[%emt 0:01:31]} 30. Qxf5 {[%emt 0:01:05]} Rxf5 {[%emt 0:00:02]} 31. Re4 {[%emt 0:00:10]} Ra8 {[%emt 0:00:31]} 32. Bh3 {[%emt 0:01:44]} Rf7 {[%emt 0:00:38]} 33. gxf4 {[%emt 0:00:14]} Ra3 {[%emt 0:00:01]} 34. Bg2 {[%emt 0:09:00]} Rc3 {[%emt 0:01:15]} 35. Rd2 {[%emt 0:06:46]} Rg7 {[%emt 0:00:32]} 36. Kh2 {[%emt 0:00:06]} Rg4 {[%emt 0:00:12]} 37. f3 {[%emt 0:01:46]} Rxh4+ {[%emt 0:00:08]} 38. Kg1 {[%emt 0:00:04]} Kf7 {[%emt 0:01:07]} 39. Kf2 {[%emt 0:00:46]} Ke7 {[%emt 0:00:35]} 40. Rde2 {[%emt 0:00:00]} Kd8 {[%emt 0:00:00]} 41. R2e3 {[%emt 0:11:26]} Rc2+ {[%emt 0:00:45]} 42. Re2 {[%emt 0:00:05]} Rc3 {[%emt 0:00:04]} 43. R2e3 {[%emt 0:00:05]} Rc2+ {[%emt 0:00:09]} 44. Re2 {[%emt 0:00:05]} 1/2-1/2

[Event "127th NZ Congress 2020"]
[Site "Tauranga"]
[Date "2020.01.19"]
[Round "6.2"]
[White "Papin, Vasily"]
[Black "Ker, Anthony F"]
[Result "1-0"]
[WhiteElo "2481"]
[BlackElo "2302"]
[Annotator "TA"]
[PlyCount "97"]
[EventDate "2020.01.14"]
[EventType "swiss"]
[EventCountry "NZL"]
[SourceTitle "playchess.com"]
[Source "ChessBase"]
[SourceQuality "1"]

{[%evp 23,97,6,63,54,60,50,41,44,41,52,103,105,106,108,106,111,128,133,124,133,120,125,131,123,127,123,134,132,124,119,197,154,295,207,241,239,239,245,256,250,240,196,222,213,464,464,456,440,437,463,433,289,608,592,635,616,754,660,538,538,1389,1317,29964,29967,29975,29976,29976,29977,29980,29977,29979,29980,29976,29977,29975,5613]} 1. d4 Nf6 2. c4 e6 3. Nc3 Bb4 4. Qc2 Nc6 5. Nf3 d6 6. Bd2 O-O 7. a3 Bxc3 8. Bxc3 Qe7 9. e3 a5 10. Be2 e5 11. dxe5 dxe5 12. O-O Bg4 (12... a4 $11) 13. h3 $14 {E33: Nimzo-Indian: Classical: 4...Nc6} Bh5 14. Nxe5 Nxe5 15. Bxh5 {White is slightly better.} Nxh5 16. Qf5 $1 {[%csl LRe5,LRh5][%mdl 64] [#] Double Attack} Ng3 $1 {[%mdl 512]} 17. fxg3 $16 Rae8 $146 ({Predecessor:} 17... Nxc4 18. Bxg7 Kxg7 19. Qg4+ Kh8 20. Qxc4 Qxe3+ {1-0 (33) Nechaeva,M (2428)-Gvanceladze,A (2223) Sochi 2016}) 18. Rad1 {[%cal Ba1d1,Bd1d7,Bd7c7][%mdl 32]} f6 19. Bxa5 b6 20. Bc3 Nxc4 21. Rd7 Qxe3+ 22. Kh2 Qe4 23. Qxe4 Rxe4 24. Rxc7 Ne3 25. Rc1 Rd8 26. Rb7 Nc4 (26... Rd1 $16 27. Rxd1 Nxd1) 27. Bb4 Rc8 (27... h5 $16 28. b3 Nd2) 28. Rd1 {[#] And now Rdd7 would win.} Ne5 29. Bc3 ({Not} 29. Rxb6 Rc2 $16) 29... h5 30. Bxe5 Rxe5 $18 {[%mdl 4096] Endgame KRR-KRR} 31. Rdd7 ({Don't take} 31. Rxb6 $6 Re2 $16) 31... Rg5 32. h4 Rg4 33. Rxb6 Kh7 $2 (33... Re8 {was worth a try.} 34. Rd3 Re2) 34. Rxf6 Rb8 35. Rf5 Rxb2 36. Rxh5+ Kg6 37. Rhd5 Ra2 $2 (37... Rb3 38. Rd3 Rxd3 39. Rxd3 Ra4) 38. Kh3 Ra4 39. Rg5+ Kh6 40. Rgxg7 R2xa3 41. Rg4 Ra6 42. Rgd4 Rg6 43. Rd3 {White mates.} Raa6 44. g4 Rge6 45. Rf3 Ra1 46. Rdf7 Kg6 47. g5 Ra5 48. R7f6+ Rxf6 49. gxf6 {Accuracy: White = 97%, Black = 30%.} 1-0